Jahreshitparaden 1980-1989 - Statistiken

Allgemein
  • Dieses Quiz wurde 75 mal gespielt
  • Das Durchschnittsergebnis liegt bei 36 aus 100
Antwortstatistiken
Rang Interpret Song % Korrekt
2. Nena 99 Luftballons
94%
1. Peter Schilling Major Tom (völlig losgelöst)
85%
2. Spider Murphy Gang Skandal im Sperrbezirk
85%
8. Geier Sturzflug Bruttosozialprodukt
84%
1. Falco Jeanny, Part I
81%
8. Nicole Ein bißchen Frieden
79%
5. Falco Der Kommissar
78%
5. Alphaville Big in Japan
74%
6. Trio Da Da Da
74%
9. Europe The Final Countdown
72%
10. Mike Krüger Der Nippel
69%
2. Pink Floyd Another Brick in the Wall, Pt. 2
68%
10. Markus Ich will Spaß
68%
4. Münchener Freiheit Ohne dich (schlaf ich heut Nacht nicht ein)
68%
2. Nino de Angelo Jenseits von Eden
66%
1. David Hasselhoff Looking for Freedom
66%
4. Falco Rock Me Amadeus
65%
1. Opus Live Is Life
62%
3. Frankie Goes to Hollywood Relax
57%
4. Roxette The Look
57%
5. Sandra (I’ll Never Be) Maria Magdalena
54%
5. Phil Collins In the Air Tonight
54%
7. Irene Cara Flashdance … What a Feeling
51%
8. Tears for Fears Shout
51%
3. Al Bano & Romina Power Felicità
50%
7. Joachim Witt Goldener Reiter
50%
3. Kim Wilde Kids in America
50%
1. Desireless Voyage, voyage
49%
7. Murray Head One Night in Bangkok
47%
2. Modern Talking You’re My Heart, You’re My Soul
47%
9. Bobby McFerrin Don’t Worry, Be Happy
44%
1. Laura Branigan Self Control
44%
4. Visage Fade to Grey
41%
5. Kaoma Lambada
38%
6. Madonna Like a Prayer
38%
3. Mike Oldfield Moonlight Shadow
38%
3. Paul Hardcastle 19
37%
5. Culture Club Do You Really Want to Hurt Me
37%
1. Milli Vanilli Girl You Know It’s True
37%
5. Whitney Houston I Wanna Dance with Somebody (Who Loves Me)
35%
10. Bananarama Venus
35%
10. Kim Carnes Bette Davis Eyes
34%
6. Frank Zappa Bobby Brown (Goes Down)
34%
2. Chris Norman Midnight Lady
34%
4. Talk Talk Such a Shame
34%
2. Madonna La Isla Bonita
32%
1. Goombay Dance Band Sun of Jamaica
32%
8. Bruce & Bongo Geil
31%
2. Stars on 45 Stars on 45
31%
10. Laid Back Sunshine Reggae
31%
6. John Farnham You’re the Voice
31%
3. Pet Shop Boys It’s a Sin
29%
6. Tauchen Prokopetz Codo … düse im Sauseschritt
28%
3. Robin Beck First Time
28%
4. Robin Gibb Juliet
28%
3. Level 42 Lessons in Love
28%
6. Tina Turner We Don’t Need Another Hero
28%
3. Ottawan D.I.S.C.O.
26%
9. Baltimora Tarzan Boy
26%
8. Taylor Dayne Tell It to My Heart
26%
10. Frankie Goes to Hollywood Two Tribes
26%
8. Jan Hammer Crockett’s Theme
25%
6. Stevie Wonder I Just Called to Say I Love You
24%
1. Orchestral Manoeuvres in the Dark Maid of Orleans
24%
4. Andy Borg Adios Amor
22%
9. Ottawan Hands Up (Give Me Your Heart)
22%
6. Rainhard Fendrich Macho, Macho
22%
7. Fine Young Cannibals She Drives Me Crazy
22%
9. Rod Stewart Baby Jane
21%
2. Mysterious Art Das Omen (Teil 1)
21%
2. Ofra Haza Im Nin’alu
21%
9. Bonnie Bianco & Pierre Cosso Stay
21%
6. Sam Cooke Wonderful World
21%
5. Styx Boat on the River
19%
7. Real Life Send Me an Angel
18%
10. The Fat Boys & Chubby Checker The Twist
18%
10. Modern Talking You Can Win If You Want
18%
4. Pet Shop Boys Always on My Mind
16%
1. Electronica’s Dance Little Bird (Ententanz)
16%
5. France Gall Ella, elle l’a
16%
6. Barclay James Harvest Life Is for Living
16%
10. Billy Idol Sweet Sixteen
16%
8. Soulsister The Way to Your Heart
16%
8. Earth & Fire Weekend
16%
9. Evelyn Thomas High Energy
15%
3. Okay Okay
15%
9. Salt ’n’ Pepa Push It (Again)
15%
7. Richard Sanderson Reality
15%
5. MC Miker G & Deejay Sven Holiday Rap
13%
9. Garland Jeffreys Matador
13%
7. Mory Kanté Yé ké yé ké
12%
8. Frank Duval & Orchestra Angel of Mine
10%
4. Peter Kent It’s a Real Good Feeling
10%
10. Marc Almond & Gene Pitney Something’s Gotten Hold of My Heart
10%
8. Masquerade Guardian Angel
9%
7. Roland Kaiser Lieb’ mich ein letztes Mal
7%
4. Mixed Emotions You Want Love (Maria, Maria...)
7%
7. Samantha Fox Touch Me (I Want Your Body)
6%
9. Alice Una notte speciale
6%
7. Marti Webb Take That Look off Your Face
4%
Keine übereinstimmenden Quizze gefunden
Verteilung der Resultate
Anzahl Personen mit jedem Resultat
Perzentil nach korrekt beantworteten Fragen
Ihre Resultats-Entwicklung
Sie haben dieses Quiz noch nicht gespielt